The Complete Handbook of Personal Computer Communications (Record no. 23167)

000 -LEADER
fixed length control field 00269nam a22001217a 4500
003 - CONTROL NUMBER IDENTIFIER
control field Nust
005 - DATE AND TIME OF LATEST TRANSACTION
control field 20170515172923.0
008 - FIXED-LENGTH DATA ELEMENTS--GENERAL INFORMATION
fixed length control field 170327b xxu||||| |||| 00| 0 eng d
020 ## - INTERNATIONAL STANDARD BOOK NUMBER
International Standard Book Number 0312157606
040 ## - CATALOGING SOURCE
Original cataloging agency DLC
Language of cataloging DLC
Transcribing agency RCMS
082 ## - DEWEY DECIMAL CLASSIFICATION NUMBER
Classification number 384
100 ## - MAIN ENTRY--PERSONAL NAME
Personal name ALFERD GLOSSBRENEER
9 (RLIN) 792
245 ## - TITLE STATEMENT
Title The Complete Handbook of Personal Computer Communications
Statement of responsibility, etc. Everything You You Need To Go Online With The World
250 ## - EDITION STATEMENT
Edition statement 2nd,ed.
260 ## - PUBLICATION, DISTRIBUTION, ETC.
Place of publication, distribution, etc. NY USA
Name of publisher, distributor, etc. ST. MARTIN'S PRESS
Date of publication, distribution, etc. c1985
300 ## - PHYSICAL DESCRIPTION
Extent xxii,546,p:
Other physical details ill:
Dimensions 25,cm.
538 ## - SYSTEM DETAILS NOTE
Display text Shelf # 15, Row # 5, Communication.
650 ## - SUBJECT ADDED ENTRY--TOPICAL TERM
Topical term or geographic name entry element 1.Microcomputers. 2. On-line data processing
9 (RLIN) 793
856 ## - ELECTRONIC LOCATION AND ACCESS
Materials specified Table of Content Only
942 ## - ADDED ENTRY ELEMENTS (KOHA)
Koha item type Book
Source of classification or shelving scheme
Holdings
Withdrawn status Lost status Damaged status Not for loan Permanent Location Current Location Shelving location Date acquired Full call number Barcode Date last seen Price effective from Koha item type
        NUST Baluchistan Campus (NBC) NUST Baluchistan Campus (NBC) General Stacks 03/04/2013 384 RCMS001078 03/04/2013 03/04/2013 Book
© 2023 Central Library, National University of Sciences and Technology. All Rights Reserved.